ნორმალური ფორმატი
MARC ფორმატი
ჩანაწერი Corporate Name
ჩანაწერთა რაოდენობა, რომელიც გამოყენებულია: 1
001 - CONTROL NUMBER
- control field: 24275
003 - CONTROL NUMBER IDENTIFIER
- control field: GE_BSU
005 - DATE AND TIME OF LATEST TRANSACTION
- control field: 20250207110441.0
008 - FIXED-LENGTH DATA ELEMENTS
- fixed length control field: 250207|| aca||aabn | a|a d
040 ## - CATALOGING SOURCE
- Original cataloging agency: GE_BSU
- Transcribing agency: GE_BSU
110 ## - HEADING--CORPORATE NAME
- Corporate name or jurisdiction name as entry element: ბათუმის ნიკო ბერძენიშვილის სამეცნიერო-კვლევითი ინსტიტუტი
- Date of meeting or treaty signing: შოთა რუსთაველის სახელმწიფო უნივერსიტეტის სამეცნიერო ცენტრის ნიკო ბერძენიშვილის ჰუმანიტარულ და სოციალურ მეცნიერებათა მიმართულება.
670 ## - SOURCE DATA FOUND
- Source citation: Work cat.: (GE_BSU): მაჭახელი :, 2008-
